00443nam a2200181Ia 4500003000400000005001700004008004100021020001800062040000700080041000800087082002500095100001800120245004200138250000600180260004500186300001700231365001300248OSt20230509133907.0210423s2009 xx 000 0 und d a9788120417328 cAL aeng a660.60581 223bCHAH aCHAWLA (H S). aIntroduction to plant biotechnology . a3 aNew DelhibOxford University Pressc2009 axxiv,538bPB b275cINR